All Fearless Vault Tracks - Statistics

General Stats
  • This quiz has been taken 28 times
  • The average score is 5 of 6
Answer Stats
Hint Answer % Correct
Fearless (Taylor's Version) Don't You
96%
Fearless (Taylor's Version) Mr. Perfectly Fine
96%
Fearless (Taylor's Version) Bye Bye Baby
91%
Fearless (Taylor's Version) That's When
91%
Fearless (Taylor's Version) We Were Happy
83%
Fearless (Taylor's Version) You All Over Me | YAOM
78%
No matching quizzes found
Score Distribution
Percent of People with Each Score
Percentile by Number Answered
Your Score History
You have not taken this quiz